Statistics for England County Quiz - South Yorkshire

Click here to take the quiz!

General Stats

  • This quiz has been taken 151 times
  • The average score is 9 of 15

Answer Stats

HintAnswer% Correct
Largest city in the countySheffield
99%
Heavy industry product with which the above city is particularly associatedSteel
93%
Large town in the middle of the county known for its railway engineering and
manufacturing heritage
Doncaster
85%
County townBarnsley
73%
Historical name for an area of South Yorkshire, particularly around the largest city. The name
persists today in the name of a local university
Hallam
73%
Comedy film set in the county's largest city, which tells the story of six unemployed men
who decide to form a male striptease act to improve their prospects
The Full Monty
73%
One time host of the TV program 'Top Gear', born in the countyJeremy Clarkson
72%
River which gives its name to a town situated at the point where it joins the River DonRother
69%
Comedian, actor, writer and television presenter born in the county, best known for his role in
Monty Python and his travel documentaries.
Michael Palin
62%
South Yorkshire born goalkeeper who played every match in England's 1966 world cup victoryGordon Banks
50%
Singer, born in Conisbrough, who had a big hit in Europe with 'Is This The Way To Amarillo'Tony Christie
49%
Rock band formed in the county in 1977 whose fourth album 'Hysteria' is one of the best-selling albums of all time. Inducted into the Rock and Roll Hall of Fame in 2019Def Leppard
48%
Nickname of the above town's professional football clubThe Tykes
41%
Prestigious flat horse race held at the above town's racecourse{St Leger} Stakes
27%
Chemist from South Yorkshire who became the first British-born person to go into space onboard Soyuz TM-12 in May 1991Helen Sharman
21%

Score Distribution

Percentile by Number Answered

Percent of People with Each Score

Your Score History

You have not taken this quiz